Central Library OPAC University of Rajshahi

গৃহ ও গৃহ পরিচালনা / (Record no. 47611)

MARC details
000 -LEADER
fixed length control field 00969nam a22002537a 4500
001 - CONTROL NUMBER
control field 47611
003 - CONTROL NUMBER IDENTIFIER
rucl marc code BD-RjUL
005 - DATE AND TIME OF LATEST TRANSACTION
control field 20211209054342.0
008 - FIXED-LENGTH DATA ELEMENTS--GENERAL INFORMATION
fixed length control field 160809r19961989bg a|||| b||| 00| 0 ben d
020 ## - INTERNATIONAL STANDARD BOOK NUMBER
International Standard Book Number 9840733389
Terms of availability : TK 75.00
035 ## - SYSTEM CONTROL NUMBER
System control number (BD-RjUL)47730
040 ## - CATALOGING SOURCE
Original cataloging agency BD-RjUL
Language of cataloging ben
Transcribing agency BD-RjUL
041 ## - LANGUAGE CODE
Language code of text/sound track or separate title ben
082 ## - DEWEY DECIMAL CLASSIFICATION NUMBER
Edition number 23
Classification number 643
Author mark and year ZAG 1996
100 1# - MAIN ENTRY--PERSONAL NAME
Personal name জামান, তাহ্‌মিনা
9 (RLIN) 144688
245 10 - TITLE STATEMENT
Title গৃহ ও গৃহ পরিচালনা /
Statement of responsibility, etc. তাহ্‌মিনা জামান
250 ## - EDITION STATEMENT
Edition statement ৩য় সং.
260 ## - PUBLICATION, DISTRIBUTION, ETC. (IMPRINT)
Place of publication, distribution, etc. ঢাকা :
Name of publisher, distributor, etc. বাংলা একাডেমী,
Date of publication, distribution, etc. ১৯৮৯ [পুনর্মুদ্রণ ১৯৯৬].
300 ## - PHYSICAL DESCRIPTION
Pagination চৌদ্দ], ১৭২ পৃ. :
Illustrations চিত্রাবলী ;
Size ২১ সেমি.
504 ## - BIBLIOGRAPHY, ETC. NOTE
Bibliography, etc সংযুক্ত গ্রন্থপুঞ্জি
650 ## - SUBJECT ADDED ENTRY--TOPICAL TERM
Topical term or geographic name as entry element বাসগৃহ
9 (RLIN) 144689
Topical term or geographic name as entry element Housing
9 (RLIN) 144690
942 ## - ADDED ENTRY ELEMENTS (KOHA)
Source of classification or shelving scheme Dewey Decimal Classification
Koha item type Books
Holdings
Lost status Source of classification or shelving scheme Damaged status Not for loan Collection code Permanent Location Current Location Shelving location Date acquired Source of acquisition Cost, normal purchase price Total Checkouts Full call number Date last seen Copy number Koha item type
  Dewey Decimal Classification     Non-fiction Central Library, University of Rajshahi Central Library, University of Rajshahi   26/07/2012 Bangla Academy, Dhaka 75.00   B 643 ZAG 1996 09/08/2016 C-2 Books
  Dewey Decimal Classification     Non-fiction Central Library, University of Rajshahi Central Library, University of Rajshahi   26/07/2012 Bangla Academy, Dhaka 75.00   B 643 ZAG 1996 09/08/2016 C-3 Books
  Dewey Decimal Classification     Non-fiction Central Library, University of Rajshahi Central Library, University of Rajshahi   26/07/1975 Bangla Academy, Dhaka 75.00   B 643 ZAG 1996 26/11/2016 C-4 Books